000 00552nam a22001697a 4500
003 MACL
005 20160724120552.0
008 160724b xxu||||| |||| 00| 0 eng d
040 _cMACL
041 _aHindi
082 _a891.431 AHA
100 _aअहमद, सुल्‍तान
_965179
245 _aलंका की परछाइयॉ
_cसुल्‍तान अहमद
260 _aनई दिल्‍ली
_bप्रकाशन संस्‍थान
_c2012
650 _aकविता
_9226
942 _2ddc
_cHIN
999 _c54860
_d54860